Animal Crossing New Horizons Bewohner erraten #1 - Statistiken

Allgemein
  • Dieses Quiz wurde 251 mal gespielt
  • Das Durchschnittsergebnis liegt bei 7 aus 13
Antwortstatistiken
Bildquiz Antwort % Korrekt
Bienchen
76%
Koko
74%
Gunnar
66%
Fatima
61%
Kleo
57%
Martin
55%
Huschke
52%
Jimmy
47%
Roland
47%
Misuzu
44%
Maria
38%
Chai
29%
Chelsea
22%
Keine übereinstimmenden Quizze gefunden
Verteilung der Resultate
Anzahl Personen mit jedem Resultat
Perzentil nach korrekt beantworteten Fragen
Ihre Resultats-Entwicklung
Sie haben dieses Quiz noch nicht gespielt